00770nas a22002297a 450000500170000000600190001700700030003600800410003902200220008002200270010208200100012924501030013926000800024226000300032230000200035231000140037236200310038665000210041765000280043885600270046627000470049320140905111312.0a|||||r|||| 00| 0 ta140905b xxu||||| |||| 00| 0 eng d a0971-5894 (print) a0974-0430 (Electronic) a581.7 aPhysiology and molecular biology of plants :ban international journal of functional plant biology aNew DelhibProf. H. S. Srivastava Foundation for Science and Societyc2014- aNew DelhibSpringer India av.c24 cm (Pbk) aQuarterly aVol 20 No 1 Jan-March 2014 aPlant Physiology aPlant Molecular biology uwww.springer.com/12298 a10B/7, Madan Mohan Malviya Marg, bLucknow